Air Pollution Modelling: Local-, Regional-, and Global-Scale Application (Record no. 15925)
[ view plain ]
| 000 -LEADER | |
|---|---|
| fixed length control field | 01197nam a2200133Ia 4500 |
| 008 - FIXED-LENGTH DATA ELEMENTS--GENERAL INFORMATION | |
| fixed length control field | 220615s9999||||xx |||||||||||||| ||und|| |
| 020 ## - INTERNATIONAL STANDARD BOOK NUMBER | |
| International Standard Book Number | 9783040000000 |
| 245 #0 - TITLE STATEMENT | |
| Title | Air Pollution Modelling: Local-, Regional-, and Global-Scale Application |
| 546 ## - LANGUAGE NOTE | |
| Language note | English[eng] |
| 650 ## - SUBJECT ADDED ENTRY--TOPICAL TERM | |
| Topical term or geographic name entry element | Urban pollution||Street canyon||Nitrate aerosol||CFD||Air quality||open burning||biomass burning||sugarcane crops||environmental assessment||air quality modeling||chemical reaction model||urban canyon||radiation||mesoscale models||reactive pollutants||Community Multiscale Air Quality (CMAQ)||East Asia||Tokyo||SO42–||stabilized Criegee intermediates (SCI)||wildfire plume rise||smoke modeling||large eddy simulation||emissions dispersion||WRF-SFIRE||RxCADRE||RePLaT-Chaos||large-scale atmospheric advection||chaotic advection||stretching rate||escape rate||education||CMAQ||PM10||atmospheric reanalysis||PM2.5||PM2.5 components||three-dimensional chemical transport model||model inter-comparison||urban scale||secondary particles||WRF-Chem||visibility||eastern China||neural network algorithm||IMPROVE||n/a |
| 700 ## - ADDED ENTRY--PERSONAL NAME | |
| Personal name | Itahashi, Syuichi |
| 856 ## - ELECTRONIC LOCATION AND ACCESS | |
| Uniform Resource Identifier | <a href="https://mdpi.com/books/pdfview/book/4002">https://mdpi.com/books/pdfview/book/4002</a> |
| 942 ## - ADDED ENTRY ELEMENTS (KOHA) | |
| Koha item type | E-Books |
| Withdrawn status | Lost status | Damaged status | Not for loan | Home library | Current library | Date acquired | Total Checkouts | Date last seen | Price effective from | Koha item type |
|---|---|---|---|---|---|---|---|---|---|---|
| Kerala University of Digital Sciences, Innovation and Technology Knowledge Centre | Kerala University of Digital Sciences, Innovation and Technology Knowledge Centre | 15/06/2022 | 15/06/2022 | 15/06/2022 | E-Books |